| 000 | 00775cab a2200229 4500 | ||
|---|---|---|---|
| 001 | WB2914-22 | ||
| 008 | 090401t1993 xxu||||| |||| 00| 0 eng d | ||
| 035 | _a(Sirsi) u90787 | ||
| 041 | _aeng | ||
| 245 | _aBrewers want to retain tied houses | ||
| 260 | _c1993 | ||
| 350 | _a0 | ||
| 490 |
_aDaily Telegraph _v5 April 1993, 22(1) |
||
| 520 | _aMembers of the Brewers` Society have formed the Independent Family Brewers of Britain. Those in the new group intend to resist abolition of tied houses and to champion family control of breweries. | ||
| 650 | _aBREWERIES | ||
| 650 | _aINDEPENDENT FAMILY BREWERS OF BRITAIN | ||
| 650 | _aPUBLIC HOUSES | ||
| 650 | _aTIED HOUSES | ||
| 690 | _aLANDLORD AND TENANT-BUSINESS TENANCIES | ||
| 942 | _n0 | ||
| 948 | _c04/03/1997 | ||
| 999 |
_c57580 _d57580 |
||